000
00216nam a22000857a 4500
008
170113b xxu||||| |||| 00| 0 eng d
100
_9
2405
_a
Misra.R.R.
245
_a
Chemistry manual-CCE-IX
260
_a
New Delhi
_b
APC
_c
2011
999
_c
5434
_d
5434